00754nam a2200229Ia 450000500170000000800410001702000180005804000180007604100080009408200220010210000210012424500410014525000120018626000680019830000300026665000590029665000400035565000300039565000300042565000450045565000240050020231017152813.0210716s2005 xx 000 0 und d a9788173668442 cAIMIT LIBRARY aeng a005.44 21bSCHC aSchroder, Carla. aLinux cookbook /cby Carla Schroder. a1st ed. aMumbai :bShroff Publishers and Distributors Pvt Ltd ,c2005 . axxiii, 553p.;bPBc23 cm. aInstalling and managing software on RPM- based systems aEditing text files with Joe and Vim aManaging users and groups aManaging users and groups aManaging the bootloader and multibooting aBackup and recovery